000 00243 a2200097 4500
001 52962
100 _aWild, R
245 _aProduction Operations Management Principles & Techniques
260 _aLondon
_bHolt Reinho
_c
090 _c33292
_d33292
942 _aNUST-CAE
_cM
_c25883
999 _c288035
_d288035